01016nam a2200229Ia 4500952010100000999001700101008004100118020001500159050002400174100004100198245015400239260005500393300003600448490003500484500002400519505006400543519004300607651004600650700003700696700004100733942001200774 00104070a03b03d2001-05-15l0oF1234 V 63 V 3 1988p03 003328r2012-07-20t1w2012-07-20yLB c79989d79989120720s1988 mx a 000 0 spa d a9681629272 aF1234.V63 bV3 1988 aVargas Arreola, Juan Bautistaeautor12aA sangre y fuego con Pancho Villac / Juan Bautista Vargas Arreola ; comp. y semblanza de Bertha Vargas de Corona ; prólogo de Jorge Aguilar Mora  aMéxicob : Fondo de Cultura Económica c, 1988 a366 páginasb : ilustraciones aVida y pensamiento de México aReimpresión: 1995 aLos dorados Las campañas de Pacho Villa Algunos retratos aMaterial Complementario /d(03 003328) aMÉXICOxHISTORIAyREVOLUCION, 1910-1920 aAguilar Mora, Jorgeeprologuista aVargas de Corona, Berthaecompilador 2lcccLB